000 00200 a2200097 4500
001 59931
100 _a
245 _aBombers of the west
260 _alondon
_bian allan
_c1973
090 _c36769
_d36769
942 _aNUST-CAE
_c
_c29745
999 _c295004
_d295004